| 000 -LEADER |
| fixed length control field |
01517nam a2200193Ia 4500 |
| 008 - FIXED-LENGTH DATA ELEMENTS--GENERAL INFORMATION |
| fixed length control field |
181130s2018 xx 000 0 und d |
| 100 ## - MAIN ENTRY--PERSONAL NAME |
| Personal name |
Giulio, Marco Di |
| 245 ## - TITLE STATEMENT |
| Title |
Industrial policies at a time of liberalization: |
| Remainder of title |
the internationalization of European transport enterprises |
| 260 ## - PUBLICATION, DISTRIBUTION, ETC. |
| Date of publication, distribution, etc. |
2018 |
| 300 ## - PHYSICAL DESCRIPTION |
| Extent |
p.334-353. |
| 504 ## - BIBLIOGRAPHY, ETC. NOTE |
| -- |
Jun |
| 520 ## - SUMMARY, ETC. |
| Summary, etc. |
For more than three decades, European institutions have been committed to opening up the markets of public services, which were traditionally managed under monopolistic arrangements within each member state. The internationalization of firms previously operating in this sector is a phenomenon that will reshape the relationships between national governments and national industry. The creation of a comparative advantage in these markets is thus emerging as a crucial issue within each national political economy. While many scholars have emphasized the role of mercantilist strategies as the most prominent strategy for the creation of national champions, others have suggested that market-building and the pursuit of industrial goals may be self-reinforcing. Adopting a firm-level analysis of the EU market for public transport, this article adds empirical evidence to the debate on the relationship between regulation and industrial policy. - Reproduced. |
| 650 ## - SUBJECT ADDED ENTRY--TOPICAL TERM |
| Topical term or geographic name entry element |
EU integration |
| 650 ## - SUBJECT ADDED ENTRY--TOPICAL TERM |
| Topical term or geographic name entry element |
Industry |
| 650 ## - SUBJECT ADDED ENTRY--TOPICAL TERM |
| Topical term or geographic name entry element |
Industry - Policy |
| 650 ## - SUBJECT ADDED ENTRY--TOPICAL TERM |
| Topical term or geographic name entry element |
Regulation |
| 773 ## - HOST ITEM ENTRY |
| Main entry heading |
International Review of Administrative Sciences |
| 906 ## - LOCAL DATA ELEMENT F, LDF (RLIN) |
| a |
Industry |